Quick Pick: Game of Thrones Death of a King by Episode Quiz Stats

 Plays Quiz not verified by Sporcle

Support Sporcle.
Go Orange.
Score 0/12 Timer 01:30
0 Plays Today
% Correct
The Rains of Castamere
92.5%
The Lion and the Rose
89.5%
The Bells
89.5%
The Long Night
86.5%
You Win or You Die
84.2%
The Watchers on the Wall
83.5%
The Ghost of Harrenhal
78.2%
The Winds of Winter
77.4%
The Wars to Come
76.7%
Mother's Mercy
72.2%
Home
68.4%
Blood of My Blood
63.9%

You're not logged in!

Compare scores with friends on all Sporcle quizzes.
OR
Log In

From the Vault

Author by Character

by BookishGirl98

We're pretty sure Huckleberry Finn wasn't in Middle-earth at any point, but that's the only hint we're giving you.
Remove Ads.
Support Sporcle.
Get the best of Sporcle when you Go Orange. This ad-free experience offers more features, more stats, and more fun while also helping to support Sporcle. Thank you for becoming a member.

Show Comments

Extras

Top Quizzes Today


Score Distribution

Your Account Isn't Verified!

In order to create a playlist on Sporcle, you need to verify the email address you used during registration. Go to your Sporcle Settings to finish the process.

Report this User

Report this user for behavior that violates our Community Guidelines.

Details: